Responses for Show #4732 - Tuesday, March 15, 2005

2005 Ultimate Tournament of Champions Round 1, game 25.

Contestants

[<< previous game]

Doug Lach, a marketing manager from Columbus, Ohio

Leah Greenwald, an architect from Cambridge, Massachusetts

Matt Morris, a financial analyst originally from Louisville, Kentucky

[next game >>]

Jeopardy! Round responses

THE NEWSPAPER
THE SPORTS PAGE
THE BOOK REVIEW
THE FOOD SECTION
THE PERSONALS
THE "C"ROSSWORD PUZZLE
    $200 14
USA Today

Leah
    $200 24
Reggie Jackson

Matt
    $200 5
Tommy Franks

Matt
    $200 13
rice

Leah
    $200 16
Alexander the Great

Doug
    $200 26
Chernobyl

Matt
    $400 15
The Detroit Free Press

Doug
    $400 1
Brett Favre

Matt
    $400 6
Jon Stewart

Leah
    $400 12
gefilte fish

Doug
    $400 17
Josephine

Doug
    $400 27
cabernet

Doug
    $600 21
Charlotte

Matt
    $600 2
Charles Barkley

Matt
    $600 10
chocolate

Matt
    $600 7
Easter

Leah
    $600 18
Attila the Hun

Doug
    $600 28
Cadillac

Doug
    $800 22
(Matt: What is The Wall Street Journal?)

The Baltimore Sun

Matt
Triple Stumper
    $800 3
birdies

Doug
    $800 11
(Matt: What is He's Not That Into You?)

He's Just Not That Into You

MattLeah
    $800 9
Day of the Dead

Doug
    $800 19
Eva Peron

Matt
    $800 29
chartreuse

Leah
    $1000 23
The Christian Science Monitor

Doug
    $1,000 4
the National Hockey League

Doug
    $1000 25
Ann Coulter

Doug
    $1000 8
cardamom

Doug
    $1000 20
Caligula

Leah
    $1000 30
cesium

Doug

Scores at the first commercial break (after clue 15):

Matt Leah Doug
$1,000 $2,200 $4,400

Scores at the end of the Jeopardy! Round:

Matt Leah Doug
$2,000 $4,000 $9,600

Double Jeopardy! Round responses

MUSIC
FIVE EASY PISCES
CHAPLIN
FROM THE CIA WORLD FACTBOOK
(Alex: Name the U.S. state where you'll find these schools...)
THE STATE OF EDUCATION
15-LETTER WORDS
[All three contestants laugh at this category.]
    $400 19
bows

Doug
    $400 21
Dr. Seuss

Doug
    $400 10
a mustache

Doug
    $400 11
Iceland

Doug
    $400 2
Washington State

Doug
    $400 27
cinematographer

Leah
    $5,000 18
(Leah: ...What is [*]?)
(Alex: You are... correct. You say it slowly... I reply slowly.)

FACE

Leah
    $800 22
Michelangelo

Leah
    $800 7
Johnny Depp

Leah
    $4,000 12
Austria

Doug
    $800 1
Alabama

Doug
    $800 28
unsportsmanlike conduct

Triple Stumper
    $1200 15
tonic

Leah
    $1200 23
(Leah: Uh, who is Browning? Robert Browning?)

Elizabeth Barrett Browning

LeahDoug
    $1200 6
(Doug: What is France?)
...
(Alex: That's where he lived for many years, yes.)

Switzerland

LeahDoug
    $1200 13
Maoists

Doug
    $1200 3
Mississippi

Doug
    $1200 29
insubordination

Doug
    $1600 16
the embouchure

Doug
    $1600 24
Richard Burton

Doug
    $1600 8
(Mack) Sennett

Leah
    $1600 14
Afghanistan

Leah
    $1600 4
Ohio

Doug
    $1600 26
the parliamentarian

Doug
    $2000 17
(concerto) grosso

Leah
    $2000 25
Handel

Matt
    $2000 9
Buster Keaton

Leah
    $2000 20
(Alex: And he is the leader of Egypt, [*].)

Hosni Mubarak

Triple Stumper
    $2000 5
Massachusetts

Leah
    $2000 30
noncommissioned

Leah

Scores at the end of the Double Jeopardy! Round:

Matt Leah Doug
$4,000 $23,400 $26,400

[wagering suggestions for these scores]

Final Jeopardy! Round responses

ARTISTIC MASTERPIECES
(Alex: All right, Matt, we come to you first. What did you put down? Which work did you think of? It looks like Sunday Afternoon on the Island of La Grande Jatte, even though you weren't able to write all that out. You were thinking of Pointillism, not a bad thought, but incorrect in this context, and so it will cost you everything. You're down to $0.)
[ZergCam]
MattWhat is Sunday Afternoon on the Island of L gr J
$4,000
LeahWhat is Starry Night
$23,400
DougWhat is Starry Nights
$24,000
The Starry Night (by Vincent van Gogh)

Final scores:

Matt Leah Doug
$0 $46,800 $2,400
3rd place: $5,000 Winner: $46,800 + an advance to UToC Round 2 2nd place: $5,000

Game dynamics:

Coryat scores:

Matt Leah Doug
$4,000 $19,200 $23,200
9 R,
2 W
19 R
(including 1 DD),
1 W
29 R
(including 2 DDs),
1 W

Combined Coryat: $46,400

[game clues] [game scores] [suggest correction]

Game tape date: 2005-02-22
The J! Archive is created by fans, for fans. Scraping, republication, monetization, and malicious use prohibited; this site may use cookies and collect identifying information. See terms. The Jeopardy! game show and all elements thereof, including but not limited to copyright and trademark thereto, are the property of Jeopardy Productions, Inc. and are protected under law. This website is not affiliated with, sponsored by, or operated by Jeopardy Productions, Inc. Join the discussion at JBoard.tv.